Ancient Olympic Sports - Statistics

General Stats
  • This quiz has been taken 36 times
  • The average score is 7 of 16
Answer Stats
Hint English description & Greek term % Correct
martial arts wrestling
85%
martial arts wrestling (pale)
85%
athletics javelin - distance
76%
athletics javelin - target
76%
athletics discus
70%
athletics long jump
58%
martial arts boxing (pygme/pygmachia)
42%
equestrian 2-horse chariot race
36%
equestrian 4-horse chariot race
36%
martial arts freestyle combat (pankration)
36%
athletics 200m run
24%
athletics 200m run (stadion)
24%
athletics 400m run (diaulos)
18%
athletics 400m run in hoplite armour (hoplitodromos)
18%
athletics 5km run (dolichos)
3%
athletics pentathalon (pentathalon)
0%
No matching quizzes found
Score Distribution
Percent of People with Each Score
Percentile by Number Answered
Your Score History
You have not taken this quiz